El grupo juvenil: entretención y crecimiento
Guardat en:
| Autor principal: | |
|---|---|
| Format: | Llibre |
| Idioma: | espanyol |
| Publicat: |
Santiago
P.I.I.E
1992
|
| Matèries: | |
| Etiquetes: |
Afegir etiqueta
Sense etiquetes, Sigues el primer a etiquetar aquest registre!
|
MARC
| LEADER | 00000nam a2200000 a 4500 | ||
|---|---|---|---|
| 001 | UCW7602 | ||
| 003 | CL-VaPUC | ||
| 008 | 930514e19920000CL |||||||||||||||||spa|d | ||
| 082 | 0 | 4 | |a 302.3 |b SER |2 21 |
| 100 | 0 | |a Serrano Madrid, Alejandra |e author |9 312803 | |
| 245 | 1 | 3 | |a El grupo juvenil: entretención y crecimiento |
| 300 | |a 85 p | ||
| 942 | |c BK | ||
| 945 | |d 19930514 00:00:00 | ||
| 260 | |a Santiago |b P.I.I.E |c 1992 | ||
| 650 | 0 | |a Dinámica de grupos |9 259862 | |
| 650 | 0 | |a Psicología social |9 222894 | |
| 650 | 0 | |a Grupos sociales |9 268887 | |
| 583 | |a last modification |c 19930514 00:00:00 |k Rodrigo Vera | ||
| 999 | |c 220312 |d 220310 | ||
| 952 | |0 0 |1 0 |4 0 |6 302_300000000000000_SER_1992 |7 0 |8 A |9 212335 |a BIBEDU |b BIBEDU |d 2019-11-15 |i 2805707 |o 302.3 SER 1992 |p 2805707 |r 2019-11-15 |w 2019-11-15 |y BK |k EDU | ||